000 01956nam a2200253 a 4500
001 000043650
003 DO-SdBNP
005 20240108140747.0
007 ta
008 140401s1986 dr a 000 0 spa d
040 _aDO-SdBNP
_bspa
_cBNPHU
_erda
082 4 _222
_bE77p
100 1 _aEspinal, Fulgencio
_98374
_eautor
245 1 0 _aPor las rutas de la historia patria /
_cFulgencio Espinal.
264 _aSanto Domingo :
_bAlfa y Omega,
_c1986.
300 _a344 páginas :
_bIlustraciones ;
_c21 cm.
336 _2rdacontent
_atexto
_btxt
337 _2rdamedia
_asin mediación
_bn
338 _2rdacarrier
_avolumen
_bnc
500 _aIncluye datos biográficos del autor en la solapa de la contracubierta.
505 _aSistema electoral y elecciones libres en la República Dominicana.
_tEl Padre Billini y la actual filosofía de la Lotería nacional.-- La Independencia Dominicana y la solidaridad antillana en la búsqueda de la libertad.--Capotillo, fragua de la llama inaplacable de la Restauración.-- La ideología de Duarte y su vigencia en la actual coyuntura que vive la República Dominicana.-- Nosotros y el resto de la historia II (la crisis no es generada, es heredada. Nosotros y el reto de la historia III (paralelismo histórico.--
_t Nosotros y el reto de la historia IV (nuestra postura actual.-- José Martí, hombre universal.-- Antecedentes y consecuencias del tiranicidio del 30 de Mayo.-- 5 de julio hacia la convergencia perredeísta para detener la desarticulación provocada por la lucha grupal.-- Antecedentes del 24 de abril.--La separación y la permanente defensa de la soberanía en Duarte.-- Gobiernos de Espallat y Jorge Blanco paralelismo histórico.--
_tSobre la magia de los juegos y la historia de la Lotería Martí en Montecristi.-- Perfil revolucionario de Virgilio Mainardi Reyna.-- Sabaneta y Santiago Rodríguez pueblo y hombres ejemplares.--
590 _aInventariado, 2024 / MF
942 _2ddc
_cLBS1
999 _c43139
_d43139